Analýza hodnoty poistného v životnom poistení vzhľadom na nariadenie 2004/113/ES
Analýza vplyvu zavedenia smernice 2004/113/ES o rodovej rovnosti, ktorá okrem iného zakazuje používanie pohlavia ako jedno z kritérií pri výpočte výšky poistného pre nové zmluvy. I napriek povoleným výnimkám v poisťovacej praxi Európsky súdny dvor v roku 2011 rozhodol, že využívanie rozdielu pre hod...
Saved in:
| Main Author: | |
|---|---|
| Other Authors: | |
| Format: | Book Chapter |
| Language: | Slovak |
| Subjects: | |
| Tags: |
No Tags, Be the first to tag this record!
|
MARC
| LEADER | 00000nla a2200000 4500 | ||
|---|---|---|---|
| 001 | 0243768 | ||
| 005 | 20240502073941.6 | ||
| 041 | 0 | |a slo | |
| 044 | |a SK | ||
| 245 | 1 | 0 | |a Analýza hodnoty poistného v životnom poistení vzhľadom na nariadenie 2004/113/ES |c Ingrid Ondrejková Krčová, Katarína Sakálová |
| 520 | |a Analýza vplyvu zavedenia smernice 2004/113/ES o rodovej rovnosti, ktorá okrem iného zakazuje používanie pohlavia ako jedno z kritérií pri výpočte výšky poistného pre nové zmluvy. I napriek povoleným výnimkám v poisťovacej praxi Európsky súdny dvor v roku 2011 rozhodol, že využívanie rozdielu pre hodnotenie rizika a následnej cenotvorby poistného je v rozpore s Európskou chartou. Poisťovne museli tieto rozdiely zrušiť. | ||
| 610 | 2 | 0 | |a tvorba cien |
| 610 | 2 | 0 | |a poistenie životné |
| 610 | 2 | 0 | |a vzťahy genderové |
| 610 | 2 | 0 | |a smernice |
| 610 | 2 | 0 | |a matematika poistná |
| 100 | 1 | |a Ondrejková Krčová, Ingrid, 1969- | |
| 700 | 1 | |a Sakálová, Katarína, 1955- | |